<?xml version="1.0" encoding="UTF-8"?>
<record
    xmlns:xsi="http://www.w3.org/2001/XMLSchema-instance"
    xsi:schemaLocation="http://www.loc.gov/MARC21/slim http://www.loc.gov/standards/marcxml/schema/MARC21slim.xsd"
    xmlns="http://www.loc.gov/MARC21/slim">

  <leader>02056nam a22001937a 4500</leader>
  <controlfield tag="001">146148</controlfield>
  <controlfield tag="005">20240429143516.0</controlfield>
  <controlfield tag="008">240429b        |||||||| |||| 00| 0 POR d</controlfield>
  <datafield tag="040" ind1=" " ind2=" ">
    <subfield code="c">Colegio Novo Tempo</subfield>
  </datafield>
  <datafield tag="080" ind1=" " ind2=" ">
    <subfield code="a">821111733</subfield>
  </datafield>
  <datafield tag="100" ind1=" " ind2=" ">
    <subfield code="a">John Green </subfield>
    <subfield code="9">1314</subfield>
  </datafield>
  <datafield tag="245" ind1=" " ind2=" ">
    <subfield code="a">O teorema Katherine</subfield>
  </datafield>
  <datafield tag="250" ind1=" " ind2=" ">
    <subfield code="a">1&#xAA; edi&#xE7;&#xE3;o (12 mar&#xE7;o 2013)</subfield>
  </datafield>
  <datafield tag="300" ind1=" " ind2=" ">
    <subfield code="a">Capa comum &#x200F; : &#x200E; 304 p&#xE1;ginas</subfield>
    <subfield code="c">Dimens&#xF5;es &#x200F; : &#x200E; 20.83 x 13.72 x 1.27 cm</subfield>
  </datafield>
  <datafield tag="500" ind1=" " ind2=" ">
    <subfield code="a">Se o assunto &#xE9; relacionamento, o tipo de garota de Colin Singleton tem nome: Katherine. E, em se tratando de Colin e Katherines, o desfecho &#xE9; sempre o mesmo: ele leva o fora. J&#xE1; aconteceu muito. Dezenove vezes, para ser exato.

Ap&#xF3;s o mais recente e traum&#xE1;tico p&#xE9; na bunda, o Colin que s&#xF3; namora Katherines resolve cair na estrada. Dirigindo o Rabec&#xE3;o de Sat&#xE3;, com seu caderninho de anota&#xE7;&#xF5;es no bolso e o melhor amigo no carona, o ex-garoto prod&#xED;gio, viciado em anagramas e PhD em levar o fora, descobre sua verdadeira miss&#xE3;o: elaborar e comprovar o Teorema Fundamental da Previsibilidade das Katherines, que tornar&#xE1; poss&#xED;vel antever, atrav&#xE9;s da linguagem universal da matem&#xE1;tica, o desfecho de qualquer relacionamento antes mesmo que as duas pessoas se conhe&#xE7;am.

Uma descoberta que vai entrar para a hist&#xF3;ria, vai vingar s&#xE9;culos de injusta vantagem entre Terminantes e Terminados e, enfim, elevar&#xE1; Colin Singleton diretamente ao distinto posto de g&#xEA;nio da humanidade. Tamb&#xE9;m, &#xE9; claro, vai ajud&#xE1;-lo a reconquistar sua garota. Ou, pelo menos, &#xE9; isso o que ele espera.

&#x201C;Bastante divertido, desafiadoramente complexo e extremamente interessante.&#x201D; Kirkus Reviews

&#x201C;Divertido, espirituoso e fascinante.&#x201D; School Library Journal

&#x201C;O humor rasgado [dos personagens] oscila entre o deliciosamente pretensioso e o sutilmente intelectualizado.&#x201D; Booklist

&#x201C;Engra&#xE7;ado, cativante e imprevis&#xED;vel.&#x201D; The Minneapolis Star Tribune

Best-seller da Veja

</subfield>
  </datafield>
  <datafield tag="650" ind1=" " ind2=" ">
    <subfield code="2">Idade de leitura &#x200F; : &#x200E; 12 - 17 anos</subfield>
  </datafield>
  <datafield tag="760" ind1=" " ind2=" ">
    <subfield code="b">Intr&#xED;nseca</subfield>
  </datafield>
  <datafield tag="942" ind1=" " ind2=" ">
    <subfield code="2">ddc</subfield>
    <subfield code="c">BK</subfield>
    <subfield code="n">0</subfield>
  </datafield>
  <datafield tag="952" ind1=" " ind2=" ">
    <subfield code="0">0</subfield>
    <subfield code="1">0</subfield>
    <subfield code="2">ddc</subfield>
    <subfield code="4">0</subfield>
    <subfield code="7">0</subfield>
    <subfield code="a">57.2</subfield>
    <subfield code="b">57.2</subfield>
    <subfield code="c">GEN</subfield>
    <subfield code="d">2024-04-29</subfield>
    <subfield code="l">1</subfield>
    <subfield code="o">NT</subfield>
    <subfield code="p">nt20</subfield>
    <subfield code="r">2024-04-30 15:32:33</subfield>
    <subfield code="s">2024-04-30</subfield>
    <subfield code="t">1</subfield>
    <subfield code="w">2024-04-29</subfield>
    <subfield code="y">BK</subfield>
    <subfield code="z">Estante Branca</subfield>
    <subfield code="u"></subfield>
  </datafield>
  <datafield tag="952" ind1=" " ind2=" ">
    <subfield code="0">0</subfield>
    <subfield code="1">0</subfield>
    <subfield code="2">ddc</subfield>
    <subfield code="4">0</subfield>
    <subfield code="7">0</subfield>
    <subfield code="a">57.2</subfield>
    <subfield code="b">57.2</subfield>
    <subfield code="d">2024-07-12</subfield>
    <subfield code="l">0</subfield>
    <subfield code="p">fm152</subfield>
    <subfield code="r">2024-07-12 14:17:29</subfield>
    <subfield code="w">2024-07-12</subfield>
    <subfield code="y">BK</subfield>
    <subfield code="z">FD2/EM</subfield>
    <subfield code="u"></subfield>
  </datafield>
  <datafield tag="999" ind1=" " ind2=" ">
    <subfield code="c">146148</subfield>
    <subfield code="d">146148</subfield>
  </datafield>
</record>
